[Event "Deutsche Ländermeisterschaft 2025"]
[Site "Oer-Erkenschwick GER"]
[Date "2025.10.03"]
[Round "5"]
[White "Lutze, Max"]
[Black "Semling, Julius"]
[Result "0-1"]
[Termination "normal"]
[Board "4.2"]
[WhiteElo "2102"]
[BlackElo "2251"]
[WhiteClock "00:04:24"]
[BlackClock "00:02:32"]
[WhiteTeam "Nordrhein-Westfalen 2"]
[BlackTeam "Baden"]
[PlyCount "134"]
[WhiteFideId "34614850"]
[BlackFideId "16290160"]
[EventCountry "GER"]
[EventRounds "7"]
[EventType "team-swiss"]
[EventDate "2025.09.30"]

1. e4 {[%clk 01:30:51]} {[%emt 00:00:08]} c5 {[%clk 01:30:46]} {[%emt
00:00:15]} 2. Nf3 {[%clk 01:31:15]} {[%emt 00:00:05]} d6 {[%clk 01:31:08]}
{[%emt 00:00:08]} 3. d4 {[%clk 01:31:39]} {[%emt 00:00:06]} cxd4 {[%clk
01:31:29]} {[%emt 00:00:07]} 4. Nxd4 {[%clk 01:32:05]} {[%emt 00:00:06]} Nf6
{[%clk 01:31:49]} {[%emt 00:00:09]} 5. Nc3 {[%clk 01:32:32]} {[%emt 00:00:04]}
Nc6 {[%clk 01:31:48]} {[%emt 00:00:31]} 6. Bg5 {[%clk 01:32:52]} {[%emt
00:00:10]} e6 {[%clk 01:30:28]} {[%emt 00:01:51]} 7. Qd2 {[%clk 01:33:11]}
{[%emt 00:00:10]} a6 {[%clk 01:30:37]} {[%emt 00:00:22]} 8. O-O-O {[%clk
01:33:10]} {[%emt 00:00:30]} Bd7 {[%clk 01:30:54]} {[%emt 00:00:13]} 9. f4
{[%clk 01:33:24]} {[%emt 00:00:16]} h6 {[%clk 01:30:28]} {[%emt 00:00:56]} 10.
Bh4 {[%clk 01:32:40]} {[%emt 00:01:13]} Be7 {[%clk 01:30:04]} {[%emt 00:00:55]}
11. Nf3 {[%clk 01:23:53]} {[%emt 00:09:17]} Qc7 {[%clk 01:29:42]} {[%emt
00:00:52]} 12. Kb1 {[%clk 01:22:00]} {[%emt 00:02:23]} Rc8 {[%clk 01:27:16]}
{[%emt 00:02:56]} 13. e5 {[%clk 01:16:28]} {[%emt 00:06:02]} dxe5 {[%clk
01:25:30]} {[%emt 00:02:16]} 14. fxe5 {[%clk 01:15:52]} {[%emt 00:01:06]} Nd5
{[%clk 01:23:49]} {[%emt 00:02:11]} 15. Nxd5 {[%clk 01:14:30]} {[%emt
00:01:51]} exd5 {[%clk 01:24:16]} {[%emt 00:00:04]} 16. Bxe7 {[%clk 01:13:40]}
{[%emt 00:01:20]} Nxe7 {[%clk 01:24:31]} {[%emt 00:00:15]} 17. Bd3 {[%clk
01:13:29]} {[%emt 00:00:41]} Nc6 {[%clk 01:17:48]} {[%emt 00:07:14]} 18. Rde1
{[%clk 01:10:11]} {[%emt 00:03:47]} Be6 {[%clk 01:07:42]} {[%emt 00:10:36]} 19.
Qf4 {[%clk 00:50:21]} {[%emt 00:20:20]} Qb6 {[%clk 00:51:38]} {[%emt 00:16:35]}
20. a3 {[%clk 00:26:54]} {[%emt 00:23:57]} Qc5 {[%clk 00:32:32]} {[%emt
00:19:36]} 21. g4 {[%clk 00:18:51]} {[%emt 00:08:33]} d4 {[%clk 00:19:05]}
{[%emt 00:13:58]} 22. Nd2 {[%clk 00:18:38]} {[%emt 00:00:43]} Kd7 {[%clk
00:16:08]} {[%emt 00:03:27]} 23. Bf5 {[%clk 00:16:56]} {[%emt 00:02:12]} Kc7
{[%clk 00:12:07]} {[%emt 00:04:31]} 24. Bxe6 {[%clk 00:16:08]} {[%emt
00:01:18]} fxe6 {[%clk 00:12:36]} {[%emt 00:00:01]} 25. Qf7+ {[%clk 00:15:55]}
{[%emt 00:00:42]} Kb8 {[%clk 00:10:33]} {[%emt 00:02:33]} 26. Qxe6 {[%clk
00:13:39]} {[%emt 00:02:46]} Rhd8 {[%clk 00:09:45]} {[%emt 00:01:17]} 27. Ne4
{[%clk 00:09:02]} {[%emt 00:05:08]} Qxe5 {[%clk 00:08:53]} {[%emt 00:01:23]}
28. Qxe5+ {[%clk 00:09:05]} {[%emt 00:00:27]} Nxe5 {[%clk 00:09:22]} {[%emt
00:00:01]} 29. Nd6 {[%clk 00:08:54]} {[%emt 00:00:41]} Rxd6 {[%clk 00:08:21]}
{[%emt 00:01:32]} 30. Rxe5 {[%clk 00:09:17]} {[%emt 00:00:07]} Rf8 {[%clk
00:07:56]} {[%emt 00:00:55]} 31. Re2 {[%clk 00:07:08]} {[%emt 00:02:39]} Rf4
{[%clk 00:07:16]} {[%emt 00:01:10]} 32. h3 {[%clk 00:07:31]} {[%emt 00:00:07]}
d3 {[%clk 00:06:43]} {[%emt 00:01:04]} 33. cxd3 {[%clk 00:07:53]} {[%emt
00:00:08]} Rxd3 {[%clk 00:07:10]} {[%emt 00:00:02]} 34. Kc2 {[%clk 00:06:41]}
{[%emt 00:01:42]} Rg3 {[%clk 00:06:37]} {[%emt 00:01:02]} 35. Kd2 {[%clk
00:05:27]} {[%emt 00:01:44]} Rff3 {[%clk 00:06:11]} {[%emt 00:00:56]} 36. Reh2
{[%clk 00:00:50]} {[%emt 00:05:07]} Kc7 {[%clk 00:03:07]} {[%emt 00:03:34]} 37.
Kc2 {[%clk 00:00:35]} {[%emt 00:00:45]} g5 {[%clk 00:01:51]} {[%emt 00:01:47]}
38. Kd2 {[%clk 00:00:40]} {[%emt 00:00:24]} Kd6 {[%clk 00:01:56]} {[%emt
00:00:26]} 39. Kc2 {[%clk 00:00:52]} {[%emt 00:00:17]} Kc5 {[%clk 00:01:18]}
{[%emt 00:01:08]} 40. Kd2 {[%clk 00:00:41]} {[%emt 00:00:41]} Kd4 {[%clk
00:01:09]} {[%emt 00:00:39]} 41. Kc2 {[%clk 00:28:16]} {[%emt 00:02:55]} Kc4
{[%clk 00:23:47]} {[%emt 00:07:52]} 42. Rd1 {[%clk 00:28:16]} {[%emt 00:00:29]}
Rxh3 {[%clk 00:20:38]} {[%emt 00:03:40]} 43. Rhd2 {[%clk 00:28:38]} {[%emt
00:00:09]} Rf6 {[%clk 00:09:16]} {[%emt 00:11:51]} 44. Rd7 {[%clk 00:24:10]}
{[%emt 00:04:57]} Rh2+ {[%clk 00:06:07]} {[%emt 00:03:39]} 45. Kb1 {[%clk
00:21:56]} {[%emt 00:02:44]} Rb6 {[%clk 00:04:11]} {[%emt 00:02:26]} 46. Rc1+
{[%clk 00:09:18]} {[%emt 00:13:09]} Kb3 {[%clk 00:03:39]} {[%emt 00:01:02]} 47.
Rc3+ {[%clk 00:08:49]} {[%emt 00:00:59]} Ka4 {[%clk 00:04:04]} {[%emt
00:00:05]} 48. Rc4+ {[%clk 00:08:08]} {[%emt 00:01:12]} Kb3 {[%clk 00:02:31]}
{[%emt 00:02:02]} 49. Rc3+ {[%clk 00:08:30]} {[%emt 00:00:07]} Ka4 {[%clk
00:03:00]} {[%emt 00:00:02]} 50. Rc4+ {[%clk 00:08:27]} {[%emt 00:00:34]} Kb5
{[%clk 00:03:15]} {[%emt 00:00:11]} 51. Rb4+ {[%clk 00:08:50]} {[%emt
00:00:11]} Kc6 {[%clk 00:03:17]} {[%emt 00:00:27]} 52. Rd6+ {[%clk 00:09:05]}
{[%emt 00:00:17]} Kxd6 {[%clk 00:03:45]} {[%emt 00:00:01]} 53. Rxb6+ {[%clk
00:09:27]} {[%emt 00:00:08]} Kc7 {[%clk 00:04:08]} {[%emt 00:00:07]} 54. Rg6
{[%clk 00:09:51]} {[%emt 00:00:06]} a5 {[%clk 00:03:18]} {[%emt 00:01:21]} 55.
a4 {[%clk 00:08:54]} {[%emt 00:01:28]} Rh4 {[%clk 00:02:37]} {[%emt 00:01:11]}
56. b3 {[%clk 00:08:47]} {[%emt 00:00:36]} Rxg4 {[%clk 00:02:49]} {[%emt
00:00:18]} 57. Rxh6 {[%clk 00:09:12]} {[%emt 00:00:05]} Rg2 {[%clk 00:02:27]}
{[%emt 00:00:51]} 58. Rg6 {[%clk 00:09:35]} {[%emt 00:00:07]} g4 {[%clk
00:02:29]} {[%emt 00:00:29]} 59. Kc1 {[%clk 00:09:45]} {[%emt 00:00:20]} Kd7
{[%clk 00:01:46]} {[%emt 00:01:14]} 60. Kb1 {[%clk 00:09:33]} {[%emt 00:00:41]}
g3 {[%clk 00:01:38]} {[%emt 00:00:38]} 61. Ka1 {[%clk 00:09:48]} {[%emt
00:00:15]} Ke7 {[%clk 00:01:22]} {[%emt 00:00:45]} 62. Kb1 {[%clk 00:04:31]}
{[%emt 00:05:47]} Kf7 {[%clk 00:01:48]} {[%emt 00:00:04]} 63. Rg4 {[%clk
00:04:49]} {[%emt 00:00:13]} Kf6 {[%clk 00:02:05]} {[%emt 00:00:13]} 64. Rg8
{[%clk 00:05:02]} {[%emt 00:00:18]} Ke5 {[%clk 00:02:28]} {[%emt 00:00:06]} 65.
Rg4 {[%clk 00:04:17]} {[%emt 00:01:16]} Kf5 {[%clk 00:02:46]} {[%emt 00:00:11]}
66. Rg7 {[%clk 00:04:34]} {[%emt 00:00:15]} Ke4 {[%clk 00:02:22]} {[%emt
00:00:53]} 67. Rxb7 {[%clk 00:04:24]} {[%emt 00:00:41]} Rf2 {[%clk 00:02:32]}
{[%emt 00:00:19]} 0-1

[Event "Deutsche Ländermeisterschaft 2025"]
[Site "Oer-Erkenschwick GER"]
[Date "2025.10.03"]
[Round "5"]
[White "Semling, Johannes"]
[Black "Schwitkowski, Luka"]
[Result "1-0"]
[Termination "normal"]
[Board "4.3"]
[WhiteElo "2215"]
[BlackElo "2119"]
[WhiteClock "00:06:05"]
[BlackClock "00:00:56"]
[WhiteTeam "Baden"]
[BlackTeam "Nordrhein-Westfalen 2"]
[PlyCount "81"]
[WhiteFideId "16290151"]
[BlackFideId "34610669"]
[EventCountry "GER"]
[EventRounds "7"]
[EventType "team-swiss"]
[EventDate "2025.09.30"]

1. e4 {[%clk 01:30:58]} e5 {[%clk 01:30:53]} {[%emt 00:00:07]} 2. Nf3 {[%clk
01:31:25]} {[%emt 00:00:04]} Nc6 {[%clk 01:31:21]} {[%emt 00:00:02]} 3. Bb5
{[%clk 01:31:50]} {[%emt 00:00:05]} a6 {[%clk 01:31:46]} {[%emt 00:00:05]} 4.
Ba4 {[%clk 01:32:16]} {[%emt 00:00:04]} Nf6 {[%clk 01:32:12]} {[%emt 00:00:05]}
5. O-O {[%clk 01:32:23]} {[%emt 00:00:23]} Be7 {[%clk 01:32:40]} {[%emt
00:00:03]} 6. Re1 {[%clk 01:32:27]} {[%emt 00:00:26]} b5 {[%clk 01:33:04]}
{[%emt 00:00:05]} 7. Bb3 {[%clk 01:32:51]} {[%emt 00:00:07]} O-O {[%clk
01:33:32]} {[%emt 00:00:03]} 8. a4 {[%clk 01:33:05]} {[%emt 00:00:16]} Bb7
{[%clk 01:24:30]} {[%emt 00:09:32]} 9. d3 {[%clk 01:32:34]} {[%emt 00:01:01]}
d6 {[%clk 01:19:28]} {[%emt 00:05:31]} 10. Nbd2 {[%clk 01:31:30]} {[%emt
00:01:33]} Na5 {[%clk 01:19:37]} {[%emt 00:00:23]} 11. Ba2 {[%clk 01:31:51]}
{[%emt 00:00:09]} c5 {[%clk 01:20:05]} {[%emt 00:00:02]} 12. Nf1 {[%clk
01:30:05]} {[%emt 00:02:15]} h6 {[%clk 01:15:31]} {[%emt 00:05:04]} 13. Ng3
{[%clk 01:28:01]} {[%emt 00:02:34]} Re8 {[%clk 01:10:51]} {[%emt 00:05:11]} 14.
Bd2 {[%clk 01:09:33]} {[%emt 00:18:57]} Nc6 {[%clk 01:03:23]} {[%emt 00:07:58]}
15. Nh4 {[%clk 01:04:26]} {[%emt 00:05:37]} Bf8 {[%clk 00:41:09]} {[%emt
00:22:44]} 16. Ng6 {[%clk 00:59:59]} {[%emt 00:04:57]} Ne7 {[%clk 00:30:17]}
{[%emt 00:11:23]} 17. Nxf8 {[%clk 00:57:50]} {[%emt 00:02:38]} Kxf8 {[%clk
00:30:01]} {[%emt 00:00:47]} 18. Qf3 {[%clk 00:54:29]} {[%emt 00:03:50]} Ng6
{[%clk 00:30:28]} {[%emt 00:00:03]} 19. Nf5 {[%clk 00:51:46]} {[%emt 00:03:12]}
Bc8 {[%clk 00:29:03]} {[%emt 00:01:56]} 20. Qh3 {[%clk 00:42:03]} {[%emt
00:10:12]} Bxf5 {[%clk 00:16:43]} {[%emt 00:12:52]} 21. Qxf5 {[%clk 00:35:35]}
{[%emt 00:06:57]} bxa4 {[%clk 00:16:34]} {[%emt 00:00:38]} 22. Bc4 {[%clk
00:33:41]} {[%emt 00:02:23]} Rb8 {[%clk 00:16:51]} {[%emt 00:00:14]} 23. Reb1
{[%clk 00:30:27]} {[%emt 00:03:41]} d5 {[%clk 00:16:41]} {[%emt 00:00:43]} 24.
exd5 {[%clk 00:30:40]} {[%emt 00:00:17]} e4 {[%clk 00:17:10]} {[%emt 00:00:03]}
25. Bc3 {[%clk 00:24:56]} {[%emt 00:06:13]} exd3 {[%clk 00:15:13]} {[%emt
00:02:28]} 26. cxd3 {[%clk 00:21:22]} {[%emt 00:04:03]} Qd6 {[%clk 00:03:45]}
{[%emt 00:11:58]} 27. g3 {[%clk 00:12:24]} {[%emt 00:09:28]} Ne7 {[%clk
00:03:58]} {[%emt 00:00:17]} 28. Qf3 {[%clk 00:11:50]} {[%emt 00:01:03]} Nexd5
{[%clk 00:04:14]} {[%emt 00:00:15]} 29. Bxf6 {[%clk 00:11:46]} {[%emt
00:00:34]} Nxf6 {[%clk 00:04:40]} {[%emt 00:00:04]} 30. Rxa4 {[%clk 00:12:01]}
{[%emt 00:00:16]} Rb6 {[%clk 00:05:01]} {[%emt 00:00:08]} 31. b3 {[%clk
00:11:21]} {[%emt 00:01:11]} h5 {[%clk 00:04:46]} {[%emt 00:00:45]} 32. h4
{[%clk 00:10:49]} {[%emt 00:01:01]} g6 {[%clk 00:03:59]} {[%emt 00:01:17]} 33.
Rba1 {[%clk 00:10:15]} {[%emt 00:01:05]} Re5 {[%clk 00:04:02]} {[%emt
00:00:27]} 34. Rxa6 {[%clk 00:08:35]} {[%emt 00:02:09]} Rf5 {[%clk 00:02:29]}
{[%emt 00:02:05]} 35. Rxb6 {[%clk 00:07:35]} {[%emt 00:01:29]} Qxb6 {[%clk
00:02:44]} {[%emt 00:00:14]} 36. Qe3 {[%clk 00:07:43]} {[%emt 00:00:20]} Kg7
{[%clk 00:02:05]} {[%emt 00:01:11]} 37. Qe7 {[%clk 00:06:34]} {[%emt 00:01:38]}
Ng8 {[%clk 00:01:52]} {[%emt 00:00:44]} 38. Qe8 {[%clk 00:05:37]} {[%emt
00:01:25]} Qb4 {[%clk 00:01:39]} {[%emt 00:00:45]} 39. Ra8 {[%clk 00:05:31]}
{[%emt 00:00:35]} Kf6 {[%clk 00:00:31]} {[%emt 00:01:39]} 40. Qxf7+ {[%clk
00:05:51]} {[%emt 00:00:10]} Ke5 {[%clk 00:00:56]} {[%emt 00:00:04]} 41. Qd5+
{[%clk 00:06:05]} {[%emt 00:00:15]} 1-0

[Event "Deutsche Ländermeisterschaft 2025"]
[Site "Oer-Erkenschwick GER"]
[Date "2025.10.03"]
[Round "5"]
[White "Kalina, Lena"]
[Black "Haug, Mara"]
[Result "1/2-1/2"]
[Termination "normal"]
[Board "4.4"]
[WhiteElo "1891"]
[BlackElo "2078"]
[WhiteClock "00:00:33"]
[BlackClock "00:16:58"]
[WhiteTeam "Nordrhein-Westfalen 2"]
[BlackTeam "Baden"]
[PlyCount "122"]
[WhiteFideId "12988014"]
[BlackFideId "16259300"]
[EventCountry "GER"]
[EventRounds "7"]
[EventType "team-swiss"]
[EventDate "2025.09.30"]

1. d4 {[%clk 01:30:56]} {[%emt 00:00:03]} Nf6 {[%clk 01:30:56]} {[%emt
00:00:05]} 2. c4 {[%clk 01:31:22]} {[%emt 00:00:04]} c5 {[%clk 01:31:22]}
{[%emt 00:00:04]} 3. d5 {[%clk 01:31:46]} {[%emt 00:00:06]} b5 {[%clk
01:31:49]} {[%emt 00:00:03]} 4. cxb5 {[%clk 01:32:10]} {[%emt 00:00:06]} a6
{[%clk 01:32:17]} {[%emt 00:00:03]} 5. e3 {[%clk 01:32:23]} {[%emt 00:00:17]}
e6 {[%clk 01:32:19]} {[%emt 00:00:29]} 6. Nc3 {[%clk 01:32:20]} {[%emt
00:00:33]} exd5 {[%clk 01:32:24]} {[%emt 00:00:25]} 7. Nxd5 {[%clk 01:32:08]}
{[%emt 00:00:42]} Bb7 {[%clk 01:32:46]} {[%emt 00:00:08]} 8. Nxf6+ {[%clk
01:32:16]} {[%emt 00:00:22]} Qxf6 {[%clk 01:33:04]} {[%emt 00:00:12]} 9. Nf3
{[%clk 01:32:02]} {[%emt 00:00:43]} Be7 {[%clk 01:32:38]} {[%emt 00:00:57]} 10.
Be2 {[%clk 01:31:38]} {[%emt 00:00:54]} axb5 {[%clk 01:31:34]} {[%emt
00:01:34]} 11. Bxb5 {[%clk 01:30:34]} {[%emt 00:01:34]} O-O {[%clk 01:31:25]}
{[%emt 00:00:38]} 12. O-O {[%clk 01:30:12]} {[%emt 00:00:52]} Rd8 {[%clk
01:24:55]} {[%emt 00:06:59]} 13. a4 {[%clk 01:26:04]} {[%emt 00:04:40]} Nc6
{[%clk 01:18:58]} {[%emt 00:06:27]} 14. Bd2 {[%clk 01:03:18]} {[%emt 00:23:16]}
Qxb2 {[%clk 01:13:24]} {[%emt 00:06:04]} 15. Rc1 {[%clk 01:02:55]} {[%emt
00:00:53]} Qf6 {[%clk 01:10:41]} {[%emt 00:03:12]} 16. Bc3 {[%clk 01:02:28]}
{[%emt 00:00:57]} Qg6 {[%clk 01:05:08]} {[%emt 00:06:03]} 17. Qc2 {[%clk
00:58:01]} {[%emt 00:04:57]} Qg4 {[%clk 00:58:29]} {[%emt 00:07:09]} 18. h3
{[%clk 00:54:30]} {[%emt 00:04:02]} Qh5 {[%clk 00:58:04]} {[%emt 00:00:54]} 19.
Rfd1 {[%clk 00:51:57]} {[%emt 00:03:02]} Bf8 {[%clk 00:48:07]} {[%emt
00:10:27]} 20. Ra1 {[%clk 00:38:06]} {[%emt 00:14:23]} Nb4 {[%clk 00:40:28]}
{[%emt 00:08:08]} 21. Qe2 {[%clk 00:30:09]} {[%emt 00:08:28]} d5 {[%clk
00:32:53]} {[%emt 00:08:05]} 22. Bxb4 {[%clk 00:25:12]} {[%emt 00:05:27]} cxb4
{[%clk 00:33:18]} {[%emt 00:00:04]} 23. Rd4 {[%clk 00:25:02]} {[%emt 00:00:41]}
Be7 {[%clk 00:29:32]} {[%emt 00:04:14]} 24. Rb1 {[%clk 00:21:43]} {[%emt
00:03:50]} Qg6 {[%clk 00:28:00]} {[%emt 00:02:01]} 25. Qd1 {[%clk 00:20:14]}
{[%emt 00:02:00]} Rdc8 {[%clk 00:17:49]} {[%emt 00:10:39]} 26. Ne5 {[%clk
00:19:20]} {[%emt 00:01:26]} Qb6 {[%clk 00:11:54]} {[%emt 00:06:21]} 27. Nd3
{[%clk 00:18:21]} {[%emt 00:01:34]} Bc6 {[%clk 00:08:20]} {[%emt 00:04:04]} 28.
Nxb4 {[%clk 00:16:23]} {[%emt 00:02:28]} Bxb4 {[%clk 00:07:52]} {[%emt
00:00:57]} 29. Rdxb4 {[%clk 00:11:47]} {[%emt 00:05:06]} Bxb5 {[%clk 00:06:24]}
{[%emt 00:01:58]} 30. Rxb5 {[%clk 00:11:15]} {[%emt 00:01:02]} Qc6 {[%clk
00:06:16]} {[%emt 00:00:37]} 31. a5 {[%clk 00:09:27]} {[%emt 00:02:19]} Rd8
{[%clk 00:05:27]} {[%emt 00:01:19]} 32. Rb6 {[%clk 00:08:15]} {[%emt 00:01:42]}
Qc4 {[%clk 00:04:11]} {[%emt 00:01:44]} 33. Qd2 {[%clk 00:05:48]} {[%emt
00:02:59]} h6 {[%clk 00:03:49]} {[%emt 00:00:52]} 34. Ra1 {[%clk 00:04:00]}
{[%emt 00:02:18]} Ra6 {[%clk 00:02:56]} {[%emt 00:01:23]} 35. Qb2 {[%clk
00:03:25]} {[%emt 00:01:04]} Rda8 {[%clk 00:02:25]} {[%emt 00:01:00]} 36. Rb5
{[%clk 00:01:10]} {[%emt 00:02:45]} Qc6 {[%clk 00:01:51]} {[%emt 00:01:04]} 37.
Rc1 {[%clk 00:01:08]} {[%emt 00:00:33]} Qd6 {[%clk 00:01:41]} {[%emt 00:00:39]}
38. Rcc5 {[%clk 00:01:22]} {[%emt 00:00:18]} Rd8 {[%clk 00:01:34]} {[%emt
00:00:35]} 39. Qd4 {[%clk 00:01:24]} {[%emt 00:00:29]} Qg6 {[%clk 00:00:55]}
{[%emt 00:01:10]} 40. Rxd5 {[%clk 00:01:10]} {[%emt 00:00:44]} Rda8 {[%clk
00:01:17]} {[%emt 00:00:08]} 41. Qb4 {[%clk 00:00:43]} {[%emt 00:00:57]} Qc2
{[%clk 00:01:32]} {[%emt 00:00:15]} 42. Qc5 {[%clk 00:25:27]} {[%emt 00:05:46]}
Qa2 {[%clk 00:30:46]} {[%emt 00:01:16]} 43. e4 {[%clk 00:23:03]} {[%emt
00:02:54]} Qa4 {[%clk 00:30:29]} {[%emt 00:00:47]} 44. Re5 {[%clk 00:21:40]}
{[%emt 00:01:52]} Rf6 {[%clk 00:29:42]} {[%emt 00:01:17]} 45. Rb6 {[%clk
00:19:09]} {[%emt 00:03:01]} Qa1+ {[%clk 00:29:34]} {[%emt 00:00:37]} 46. Kh2
{[%clk 00:19:05]} {[%emt 00:00:35]} Rxf2 {[%clk 00:28:35]} {[%emt 00:01:28]}
47. Rf5 {[%clk 00:08:40]} {[%emt 00:10:55]} Rxf5 {[%clk 00:23:53]} {[%emt
00:05:12]} 48. Qxf5 {[%clk 00:07:35]} {[%emt 00:01:35]} g6 {[%clk 00:23:30]}
{[%emt 00:00:54]} 49. Rxg6+ {[%clk 00:05:56]} {[%emt 00:02:10]} fxg6 {[%clk
00:23:44]} {[%emt 00:00:16]} 50. Qd5+ {[%clk 00:06:19]} {[%emt 00:00:07]} Kg7
{[%clk 00:21:35]} {[%emt 00:02:39]} 51. Qxa8 {[%clk 00:06:07]} {[%emt
00:00:42]} Qe5+ {[%clk 00:21:56]} {[%emt 00:00:08]} 52. Kg1 {[%clk 00:05:56]}
{[%emt 00:00:42]} Qd4+ {[%clk 00:18:16]} {[%emt 00:04:09]} 53. Kf1 {[%clk
00:05:53]} {[%emt 00:00:33]} Qd1+ {[%clk 00:16:34]} {[%emt 00:02:12]} 54. Kf2
{[%clk 00:06:15]} {[%emt 00:00:08]} Qd2+ {[%clk 00:16:46]} {[%emt 00:00:17]}
55. Kf3 {[%clk 00:05:41]} {[%emt 00:01:06]} Qc3+ {[%clk 00:16:29]} {[%emt
00:00:44]} 56. Kf4 {[%clk 00:00:39]} {[%emt 00:05:35]} Qf6+ {[%clk 00:16:16]}
{[%emt 00:00:42]} 57. Kg3 {[%clk 00:00:37]} {[%emt 00:00:32]} Qe5+ {[%clk
00:15:54]} {[%emt 00:00:51]} 58. Kf3 {[%clk 00:00:45]} {[%emt 00:00:23]} Qc3+
{[%clk 00:16:18]} {[%emt 00:00:06]} 59. Ke2 {[%clk 00:00:33]} {[%emt 00:00:43]}
Qc2+ {[%clk 00:16:16]} {[%emt 00:00:30]} 60. Ke3 {[%clk 00:00:48]} {[%emt
00:00:16]} Qc3+ {[%clk 00:16:38]} {[%emt 00:00:07]} 61. Kf4 {[%clk 00:00:33]}
{[%emt 00:00:45]} Qf6+ {[%clk 00:16:58]} {[%emt 00:00:09]} 1/2-1/2

[Event "Deutsche Ländermeisterschaft 2025"]
[Site "Oer-Erkenschwick GER"]
[Date "2025.10.03"]
[Round "5"]
[White "Gade, Niels Severin"]
[Black "Besou, Jad"]
[Result "1/2-1/2"]
[Termination "normal"]
[Board "4.5"]
[WhiteElo "1908"]
[BlackElo "1865"]
[WhiteClock "00:55:50"]
[BlackClock "01:06:26"]
[WhiteTeam "Baden"]
[BlackTeam "Nordrhein-Westfalen 2"]
[PlyCount "66"]
[WhiteFideId "1346563"]
[BlackFideId "34631348"]
[EventCountry "GER"]
[EventRounds "7"]
[EventType "team-swiss"]
[EventDate "2025.09.30"]

1. e4 {[%clk 01:30:52]} {[%emt 00:00:07]} e5 {[%clk 01:30:54]} {[%emt
00:00:06]} 2. Nf3 {[%clk 01:31:13]} {[%emt 00:00:09]} Nc6 {[%clk 01:31:16]}
{[%emt 00:00:08]} 3. Bc4 {[%clk 01:31:35]} {[%emt 00:00:08]} Bc5 {[%clk
01:31:32]} {[%emt 00:00:14]} 4. O-O {[%clk 01:31:56]} {[%emt 00:00:09]} d6
{[%clk 01:28:24]} {[%emt 00:03:38]} 5. c3 {[%clk 01:31:35]} {[%emt 00:00:51]}
Bg4 {[%clk 01:27:38]} {[%emt 00:01:16]} 6. h3 {[%clk 01:31:39]} {[%emt
00:00:26]} Bh5 {[%clk 01:27:44]} {[%emt 00:00:24]} 7. g4 {[%clk 01:26:49]}
{[%emt 00:05:20]} Bg6 {[%clk 01:27:28]} {[%emt 00:00:46]} 8. d4 {[%clk
01:26:53]} {[%emt 00:00:26]} exd4 {[%clk 01:25:46]} {[%emt 00:02:12]} 9. cxd4
{[%clk 01:27:13]} {[%emt 00:00:10]} Bb6 {[%clk 01:26:07]} {[%emt 00:00:09]} 10.
Re1 {[%clk 01:24:29]} {[%emt 00:03:15]} Nge7 {[%clk 01:24:54]} {[%emt
00:01:43]} 11. Nc3 {[%clk 01:22:03]} {[%emt 00:02:56]} O-O {[%clk 01:24:32]}
{[%emt 00:00:51]} 12. Bg5 {[%clk 01:17:33]} {[%emt 00:05:01]} Kh8 {[%clk
01:18:44]} {[%emt 00:06:18]} 13. Nd5 {[%clk 01:09:00]} {[%emt 00:09:03]} f6
{[%clk 01:16:25]} {[%emt 00:02:49]} 14. Nxb6 {[%clk 01:08:11]} {[%emt
00:01:18]} axb6 {[%clk 01:16:48]} {[%emt 00:00:07]} 15. Bd2 {[%clk 01:04:07]}
{[%emt 00:04:35]} Bxe4 {[%clk 01:16:19]} {[%emt 00:00:58]} 16. Rxe4 {[%clk
01:01:36]} {[%emt 00:03:01]} d5 {[%clk 01:16:42]} {[%emt 00:00:07]} 17. Rxe7
{[%clk 01:01:18]} {[%emt 00:00:48]} Nxe7 {[%clk 01:16:11]} {[%emt 00:01:00]}
18. Bd3 {[%clk 01:01:15]} {[%emt 00:00:33]} Qd6 {[%clk 01:15:19]} {[%emt
00:01:22]} 19. Qc2 {[%clk 01:00:09]} {[%emt 00:01:36]} g6 {[%clk 01:10:50]}
{[%emt 00:04:59]} 20. a3 {[%clk 00:58:16]} {[%emt 00:02:23]} c5 {[%clk
01:10:24]} {[%emt 00:00:56]} 21. Bb4 {[%clk 00:57:08]} {[%emt 00:01:25]} cxb4
{[%clk 01:10:38]} {[%emt 00:00:29]} 22. Re1 {[%clk 00:57:14]} {[%emt 00:00:25]}
bxa3 {[%clk 01:10:13]} {[%emt 00:00:54]} 23. bxa3 {[%clk 00:57:40]} {[%emt
00:00:05]} Rxa3 {[%clk 01:08:59]} {[%emt 00:01:43]} 24. Kg2 {[%clk 00:57:25]}
{[%emt 00:00:46]} Nc6 {[%clk 01:08:22]} {[%emt 00:01:05]} 25. Bxg6 {[%clk
00:57:20]} {[%emt 00:00:37]} hxg6 {[%clk 01:07:59]} {[%emt 00:00:53]} 26. Qxg6
{[%clk 00:57:44]} {[%emt 00:00:06]} Qd7 {[%clk 01:07:11]} {[%emt 00:01:16]} 27.
Nh4 {[%clk 00:57:41]} {[%emt 00:00:35]} Qh7 {[%clk 01:07:24]} {[%emt 00:00:17]}
28. Re8 {[%clk 00:56:24]} {[%emt 00:01:47]} Qg7 {[%clk 01:05:33]} {[%emt
00:02:21]} 29. Rxf8+ {[%clk 00:54:54]} {[%emt 00:02:00]} Qxf8 {[%clk 01:05:49]}
{[%emt 00:00:13]} 30. Qh5+ {[%clk 00:55:14]} {[%emt 00:00:09]} Kg8 {[%clk
01:05:54]} {[%emt 00:00:25]} 31. Qg6+ {[%clk 00:55:30]} {[%emt 00:00:14]} Qg7
{[%clk 01:06:11]} {[%emt 00:00:14]} 32. Qe8+ {[%clk 00:55:44]} {[%emt
00:00:16]} Kh7 {[%clk 01:06:28]} {[%emt 00:00:12]} 33. Qh5+ {[%clk 00:55:50]}
{[%emt 00:00:25]} Qh6 {[%clk 01:06:26]} {[%emt 00:00:32]} 1/2-1/2